S. Giulia di Brescia: archeologia, arte, storia di un monastero regio dai Longobardi al Barbarossa ; atti del convegno
| Subtitles: | Santa Giulia di Brescia |
|---|---|
| Corporate Authors: | ; |
| Contributors: | ; ; |
| Format: | Print Book |
| Language: | Italian French |
| Subito Delivery Service: | Order now. |
| Check availability: | HBZ Gateway |
| WorldCat: | WorldCat |
| Interlibrary Loan: | Interlibrary Loan for the Fachinformationsdienste (Specialized Information Services in Germany) |
| Published: |
Brescia
Grafo
1992
|
| In: | Year: 1992 |
| Standardized Subjects / Keyword chains: | B
Kloster Santa Giulia Brescia
/ History 753-1190
|
| Further subjects: | B
Brescia (Italy)
Church history
Congresses
B Christian art and symbolism (Italy) (Brescia) Congresses B Monastero di San Salvatore-Santa Giulia (Brescia, Italy) Congresses B Conference program 1990 (Brescia) B Conference program |
| Online Access: |
Table of Contents |
MARC
| LEADER | 00000cam a2200000 c 4500 | ||
|---|---|---|---|
| 001 | 172012325 | ||
| 003 | DE-627 | ||
| 005 | 20251222203100.0 | ||
| 007 | tu | ||
| 008 | 941124s1992 it ||||| 00| ||ita c | ||
| 010 | |a 93173923 | ||
| 020 | |a 887385138X |c : L60000 |9 88-7385-138-X | ||
| 035 | |a (DE-627)172012325 | ||
| 035 | |a (DE-576)033839794 | ||
| 035 | |a (DE-599)GBV172012325 | ||
| 035 | |a (OCoLC)832221725 | ||
| 035 | |a (OCoLC)311920444 | ||
| 035 | |a (DE-604)8088534006 | ||
| 040 | |a DE-627 |b ger |c DE-627 |e rakwb | ||
| 041 | |a ita |a fre | ||
| 044 | |c XA-IT | ||
| 050 | 0 | |a BX2624.B74 | |
| 082 | 0 | |a 271/.104526 |q LOC |2 20 | |
| 084 | |a 9,10 |a 1 |2 ssgn | ||
| 084 | |a LN 23900 |2 rvk |0 (DE-625)rvk/101956: | ||
| 245 | 0 | 0 | |a S. Giulia di Brescia |b archeologia, arte, storia di un monastero regio dai Longobardi al Barbarossa ; atti del convegno |c a cura di Clara Stella e Gerardo Brentegani. Contributi di Giovanni Spinelli... |
| 246 | 3 | 3 | |a Santa Giulia di Brescia |
| 264 | 1 | |a Brescia |b Grafo |c 1992 | |
| 300 | |a 259 S. |b Ill., graph. Darst. |c 25 cm | ||
| 336 | |a Text |b txt |2 rdacontent | ||
| 337 | |a ohne Hilfsmittel zu benutzen |b n |2 rdamedia | ||
| 338 | |a Band |b nc |2 rdacarrier | ||
| 500 | |a Papers presented at an international conference held May 4-5, 1990, sponsored by the Assessorato alla cultura and the Civici musei d'arte e storia of the Comune de Brescia | ||
| 500 | |a Italian and French | ||
| 500 | |a Includes bibliographical references | ||
| 583 | 1 | |a Archivierung/Langzeitarchivierung gewährleistet |f SSG |x XA-DE-BW |2 pdager |5 DE-21 | |
| 583 | 1 | |a Archivierung/Langzeitarchivierung gewährleistet |f SSG |x XA-DE-BW |2 pdager |5 DE-16 | |
| 601 | |a Monastère | ||
| 610 | 1 | 0 | |a Monastero di San Salvatore-Santa Giulia (Brescia, Italy) |x Congresses |
| 650 | 0 | |a Christian art and symbolism |z Italy |z Brescia |x Congresses | |
| 651 | 0 | |a Brescia (Italy) |x Church history |x Congresses | |
| 655 | 7 | |a Konferenzschrift |0 (DE-588)1071861417 |0 (DE-627)826484824 |0 (DE-576)433375485 |2 gnd-content | |
| 655 | 7 | |a Konferenzschrift |y 1990 |z Brescia |0 (DE-588)1071861417 |0 (DE-627)826484824 |0 (DE-576)433375485 |2 gnd-content | |
| 689 | 0 | 0 | |d b |0 (DE-588)515788-2 |0 (DE-627)10156502X |0 (DE-576)192982338 |2 gnd |a Kloster Santa Giulia Brescia |
| 689 | 0 | 1 | |q z |2 gnd |a Geschichte 753-1190 |
| 689 | 0 | |5 (DE-627) | |
| 700 | 1 | |8 1\p |e Hrsg. |0 (DE-588)1228561397 |0 (DE-627)175040253X |4 edt |a Stella, Clara | |
| 700 | 1 | |a Brentegani, Gerardo |4 oth | |
| 700 | 1 | |0 (DE-588)131760963 |0 (DE-627)707728495 |0 (DE-576)164671781 |4 oth |a Spinelli, Giovanni |d 1944- | |
| 710 | 2 | |0 (DE-588)5003170-3 |0 (DE-627)102409307 |0 (DE-576)193294397 |4 oth |a Brescia |b Assessorato alla cultura | |
| 710 | 2 | |0 (DE-588)1099533-X |0 (DE-627)100846459 |0 (DE-576)192688405 |4 oth |a Civici Musei d'Arte e Storia |g Brescia | |
| 856 | 4 | 2 | |u https://swbplus.bsz-bw.de/bsz033839794inh.htm |m B:DE-576;DE-16 |q application/pdf |v 20090729092715 |x Verlag |3 Inhaltsverzeichnis |7 1 |
| 883 | |8 1\p |a cgwrk |d 20241001 |q DE-101 |u https://d-nb.info/provenance/plan#cgwrk | ||
| 935 | |a mteo | ||
| 935 | |i Blocktest | ||
| 936 | r | v | |a LN 23900 |b Brescia |k Kunstgeschichte |k Kunst nach Ländern bzw. Kontinenten |k Italien |k Kunsttopografie Italiens |k Alphabetische Liste der italienischen Orte |k Orte B |k Brescia |0 (DE-627)1271307766 |0 (DE-625)rvk/101956: |0 (DE-576)201307766 |
| 951 | |a BO | ||
| ACO | |a 1 | ||
| ELC | |b 1 | ||
| ITA | |a 1 |t 1 | ||
| LOK | |0 000 xxxxxcx a22 zn 4500 | ||
| LOK | |0 001 3184490750 | ||
| LOK | |0 003 DE-627 | ||
| LOK | |0 004 172012325 | ||
| LOK | |0 005 20010607000000 | ||
| LOK | |0 008 930914||||||||||||||||ger||||||| | ||
| LOK | |0 040 |a DE-21 |c DE-627 |d DE-21 | ||
| LOK | |0 852 |a DE-21 | ||
| LOK | |0 852 1 |c 33 B 1224 |9 00 | ||
| LOK | |0 935 |a theo | ||
| LOK | |0 936ln |a t3 | ||
| LOK | |0 939 |a 14-09-93 |b l01 | ||
| LOK | |0 000 xxxxxcx a22 zn 4500 | ||
| LOK | |0 001 3184490823 | ||
| LOK | |0 003 DE-627 | ||
| LOK | |0 004 172012325 | ||
| LOK | |0 005 20061130095201 | ||
| LOK | |0 008 050825||||||||||||||||ger||||||| | ||
| LOK | |0 040 |a DE-21-32b |c DE-627 |d DE-21-32b | ||
| LOK | |0 541 |e 95/251 | ||
| LOK | |0 852 |a DE-21-32b | ||
| LOK | |0 852 1 |c Pw 80 |m p |9 00 | ||
| LOK | |0 935 |a k32b |a kneu | ||
| LOK | |0 938 |k p | ||
| LOK | |0 939 |a 25-08-05 |b l01 | ||
| ORI | |a SA-MARC-ixtheoa001.raw | ||
| SYG | 0 | 0 | |a Kloster San Salvatore - Santa Giulia Brescia,Monastero di S. Giulia Brescia,Monastero di Santa Giulia Brescia,Monastero di San Salvatore - Santa Giulia,Monastero di S. Salvatore-Santa Giulia,Kloster San Salvatore Brescia,Monastero di San Salvatore Brescia |
| TIM | |a 100007530101_100011901231 |b Geschichte 753-1190 | ||